000 00811nam a22002057a 4500
001 EIF-V-2003-M4-007
003 OSt
005 20221114171305.0
008 221114b |||||||| |||| 00| 0 eng d
040 _aFundación Jesús Pereda
_cFundación Jesús Pereda
041 _aCastellano
100 _aCollarte Pérez, Anxo
_9490
111 _aEncuentro de Investigadores del Franquismo
_c(Albacete.
_d2003.
_n5º)
_997
245 _aLas Hermandades Sindicales de Ourense en las políticas del franquismo,
_f1944-1978
_c/Anxo Collarte Pérez
650 0 _9462
_aSindicalismo
651 0 _9150
_aGalicia
_zOurense
773 _tActas del V Encuentro de Investigadores del Franquismo
856 _uhttps://bibliotecaccoocyl.fundacionjesuspereda.es/cgi-bin/koha/opac-retrieve-file.pl?id=4bc4086b53d723ffb97dd0d4adbcac58
942 _2ddc
_cCF
_n0
999 _c313
_d313